Chapeau melon ou haut-de-forme ? - Statistiques

Statistiques générales
  • Ce quiz a été pris 33 fois
  • Le résultat moyen est 13 sur 16
Statistiques - réponses
Hint Réponse % Correct
Charlot (Charlie Chaplin) Chapeau melon
93%
Hercule Poirot Chapeau melon
90%
Willy Wonka (Charlie et la Chocolaterie) Haut-de-forme
90%
Les magiciens/prestidigitateurs Haut-de-forme
90%
Abraham Lincoln Haut-de-forme
90%
Dupond et Dupont (Tintin) Chapeau melon
87%
Chapelier fou (Alice au pays des merveilles) Haut-de-forme
87%
Laurel et Hardy Chapeau melon
83%
Balthazar Picsou Haut-de-forme
83%
Mr. Monopoly Haut-de-forme
80%
commissaire Maigret Chapeau melon
77%
Oncle Sam Haut-de-forme
77%
Winston Churchill Chapeau melon
73%
Arsène Lupin Haut-de-forme
70%
Billy the Kid Chapeau melon
63%
Phileas Fogg (Le Tour du monde en quatre-vingts jours) Haut-de-forme
63%
Aucun quiz correspondant
Distribution des résultats
% des personnes avec chaque résultat
Percentile par nombre de réponses
Votre historique - résultats
Vous n’avez pas pris ce quiz